Statistics for Prominent Canadian landmarks and places

Click here to take the quiz!

General Stats

  • This quiz has been taken 18 times
  • The average score is 20 of 30

Answer Stats

HintAnswer% Correct
CN TowerOntario
100%
BanffAlberta
93%
Olympic StadiumQuebec
93%
WhistlerBritish Columbia
87%
Bay of FundyNew Brunswick/Nova Scotia
87%
Niagara FallsOntario
87%
Royal Tyrrell Dinosaur MuseumAlberta
80%
Churchill Northern Studies CentreManitoba
80%
Fields of AbrahamQuebec
80%
Athabasca oil sandsAlberta
73%
Lake LouiseAlberta
73%
Okanagan desertBritish Columbia
73%
Klondike RiverYukon
73%
Chaleur BayNew Brunswick/Quebec
67%
Tremblant MountainQuebec
67%
Gros Morne National ParkNewfoundland
60%
Fortress of LouisbourgNova Scotia
60%
LunenburgNova Scotia
60%
Baffin IslandNunavut
60%
Algonquin ParkOntario
60%
Thousand IslandsOntario
60%
TadoussacQuebec
60%
Clayoquot SoundBritish Columbia
53%
Peggy's CoveNova Scotia
53%
Signal HillNewfoundland
47%
Cypress HillsSaskatchewan/Alberta
47%
Reversing FallsNew Brunswick
40%
Wreck BeachBritish Columbia
33%
The Holocaust MuseumManitoba
33%
Bush Pilot MonumentNorthwest Territories
27%

Score Distribution

Percentile by Number Answered

Percent of People with Each Score

Your Score History

You have not taken this quiz